| 000 | 00610pab a2200169 454500 | ||
|---|---|---|---|
| 008 | 180718b2002 xxu||||| |||| 00| 0 eng d | ||
| 100 | _aGohain, Hiren | ||
| 245 | _aOn saffronisation of education | ||
| 260 | _c2002 | ||
| 300 | _ap.4597-599. | ||
| 362 | _a16 Nov | ||
| 520 | _aIt is usually believed by exponents of Hindutva that theirs is a bold revolt against western hegemony, but in fact it is an imperfect and slavish initation of that hegemonic system, a caricature. - Reproduced. | ||
| 650 | _aEducation - India | ||
| 650 | _aEducation | ||
| 773 | _aEconomic and Political Weekly | ||
| 909 | _a54514 | ||
| 999 |
_c54514 _d54514 |
||